000 00216nam a22000857a 4500
008 170622b xxu||||| |||| 00| 0 eng d
100 _93640
_aKumar. A
245 _aPhysics Class - XII Part- 2
260 _aNCERT
_bNCERT
_c1995
999 _c7034
_d7034